000 01570nam a22003617a 4500
003 OSt
005 20230413134146.0
008 221006b |||||||| |||| 00| 0 eng d
040 _cBiblioteca Lado V
082 _a700
_bK41a
100 _9798
_aAcosta de Arriba, Rafael
_eeditor
_edirector
245 _aArte Cubano/
_bRevista de Artes Visuales/
260 _bConsejo Nacional de las Artes Plasticas
_c2001
_aCuba
300 _c22x32cm
_a70p.
366 _espa
490 _v2001
_a3
_x1024 8439
505 _tEl mercado del arte en los márgenes de la ideología y la realidad
505 _tRuta Critica
_aMoises Finale, las mascaras de la duda 1940 Lester Campa, los derechos de la naturaleza Vomico
505 _tDossier "La Republica"
505 _tPensando Alto A cargo de Magaly Espinosa
_aEl nuevo paradigma estético
505 _tEntrevistas
_aArturo Montoto: nunca me propuse transgredir Fotografía cubana. Una historia... personal
505 _tSummary
650 _2Tesauro de Arte & Arquitectura
_aARTE
_9703
650 _2Tesauro de Arte & Arquitectura
_aEXPOSICIONES
650 _2Tesauro de Arte & Arquitectura
_aBIENAL
650 _2Tesauro de Arte & Arquitectura
_aAPRECIACION
650 _2Tesauro de Arte & Arquitectura
_aTEORIA
650 _2Tesauro de Arte & Arquitectura
_aCRITICA
650 _2Tesauro de Arte & Arquitectura
_aFOTOGRAFIA
_9702
650 _2Tesauro de Arte & Arquitectura
_aLITERATURA
650 _2Tesauro de Arte & Arquitectura
_aCUBANO
942 _2ddc
_c1
_h701.18
_iA185a
_n0
999 _c3368
_d3368